000 00616nam a22002177a 4500
003 UA-OsUOA
001 66321
007 ta
008 20091225b un ||||| |||| 00| 0 ukr d
100 _aСюндюков І.
090 _a82
_bС98
942 _cSA
040 _aUA-OsUOA
_bukr
_cUA-OsUOA
_dUA-OsUOA
245 _aМужністьпереконаного чину. Перечитуючи публіцистику Олега Ольжича
300 _aС.8
955 _a0
041 _aukr
080 _a82
773 0 _w66318
650 7 _a82 Література. Літературознавство
_2UDC
999 _c352456
_d352456